Mirambo of Tanzania (Record no. 61432)
[ view plain ]
| 000 -LEADER | |
|---|---|
| fixed length control field | 00533nam a2200229Ia 4500 |
| 003 - CONTROL NUMBER IDENTIFIER | |
| control field | 0100 |
| 005 - DATE AND TIME OF LATEST TRANSACTION | |
| control field | 20170428091846.0 |
| 008 - FIXED-LENGTH DATA ELEMENTS--GENERAL INFORMATION | |
| fixed length control field | 130303s9999 xx 000 0 und d |
| 040 ## - CATALOGING SOURCE | |
| Transcribing agency | ARRUPELIB |
| 050 ## - LIBRARY OF CONGRESS CALL NUMBER | |
| Classification number | DT447.2.M57U55 1977 |
| 300 ## - PHYSICAL DESCRIPTION | |
| Other physical details | 23 cm |
| 100 ## - MAIN ENTRY--PERSONAL NAME | |
| Personal name | Unomah, A.C. |
| 9 (RLIN) | 30039 |
| 245 ## - TITLE STATEMENT | |
| Title | Mirambo of Tanzania |
| 260 ## - PUBLICATION, DISTRIBUTION, ETC. (IMPRINT) | |
| Name of publisher, distributor, etc | Heinemann |
| Place of publication, distribution, etc | London |
| Date of publication, distribution, etc | 1977 |
| 300 ## - PHYSICAL DESCRIPTION | |
| Extent | 48p. |
| 440 ## - SERIES STATEMENT/ADDED ENTRY--TITLE | |
| Title | African historical biographies |
| 9 (RLIN) | 29973 |
| 650 ## - SUBJECT ADDED ENTRY--TOPICAL TERM | |
| Topical term following geographic name as entry element | Mirambo |
| 9 (RLIN) | 30033 |
| 650 ## - SUBJECT ADDED ENTRY--TOPICAL TERM | |
| Topical term following geographic name as entry element | Tanzania |
| General subdivision | -History |
| 9 (RLIN) | 30040 |
| 942 ## - ADDED ENTRY ELEMENTS (KOHA) | |
| Source of classification or shelving scheme | Library of Congress Classification |
| Koha issues (borrowed), all copies | 1 |
| Koha item type | Monograph ( Printed materials) |
| Withdrawn status | Lost status | Source of classification or shelving scheme | Damaged status | Not for loan | Collection code | Home library | Current library | Shelving location | Date acquired | Total Checkouts | Full call number | Barcode | Date last seen | Date checked out | Copy number | Price effective from | Koha item type |
|---|---|---|---|---|---|---|---|---|---|---|---|---|---|---|---|---|---|
| Library of Congress Classification | Main Collection | ARRUPE LIBRARY | ARRUPE LIBRARY | 05/03/2013 | 1 | DT447.2.M57U55 1977 | 46003094106 | 07/12/2017 | 19/11/2013 | 1 | 05/03/2013 | Monograph ( Printed materials) |